000 00625nam a2200229Ia 4500
005 20240320092250.0
008 140110s9999 xx 000 0 und d
020 _a9780123740137
_cRs.425.00
040 _aLoreto College
041 _aEnglish
082 _a004.6
_bPET
100 _aPeterson,Larry L.
245 _aComputer networks
_bA systems approach
_cLarry L.Peterson & Bruce S.Davie
250 _a4th ed
260 _aNew Delhi
_bElsivier
_c2007
300 _axxvii,806p
504 _aIncludes glossary and index
650 _aComputer networks
700 _aDavie,Bruce S.
850 _aLCLIB
942 _cBK
999 _c35579
_d86058